000 00323nam a2200109Ia 4500
008 241015s9999 xx 000 0 und d
041 _aeng
100 _aArmstrong, Michael
245 _aArmstrong's Handbook of Performance Management by Armstrong, Michael
260 _bKogan Page
_aNew Delhi
_c2010
300 _a320;. P. 23 Cm
999 _c41938
_d41938